Koniec žltých vikomtov

Bibliographic Details
Main Author: Marold, Jiří (Author)
Other Authors: Pajorová, Fraňa (Translator), Gális, Jozef, 1939- (Illustrator)
Format: Book
Language:Slovak
Czech
PhysicalDescription:48 s., 9,32 AH fotogr., sch. 29 cm
Published: Bratislava Smena 1982
Edition:1. vyd.
Series:Dobrodružné romány
Subjects:

MARC

LEADER 00000cam a2200000 a 4500
001 vtls001099737
003 SK-MaSNL
005 20260301193831.0
008 251029s1982 xo r 00000 slo
015 |a SNBA1982/11 
035 |a SNK000042579 
040 |a SNK  |b slo  |c SNK  |e AACR2 
041 1 |a slo  |h cze 
044 |a xo  |c SK 
080 |a 885.0-3  |2 1981 
100 1 |a Marold, Jiří  |4 aut  |9 569036 
240 1 0 |a Konec Žlutých vikomtů  |l Slovensky 
245 1 0 |a Koniec žltých vikomtov  |c Jiří Marold ; z čes. orig. prel. Fraňa Pajorová, ; ilustr. Jozef Gális ; ob. Jozef Pernecký 
250 |a 1. vyd. 
260 |a Bratislava  |b Smena  |c 1982  |e Bratislava  |f Pravda 
300 |a 48 s., 9,32 AH  |b fotogr., sch.  |c 29 cm 
490 1 |a Dobrodružné romány  |v č. 312 
655 7 |a české romány  |2 SNKPH  |9 70600 
655 7 |a detektívne romány  |2 SNKPH  |9 70455 
700 1 |a Pajorová, Fraňa  |4 trl  |9 569037 
700 1 |a Gális, Jozef,  |d 1939-  |4 ill  |9 220181 
700 1 |a Pernecký, Jozef  |4 oth  |9 246322 
830 0 |a Dobrodružné romány  |9 276927 
958 |a OND 
958 |a LX 
958 |a SS 
958 |a CZ 
958 |a TL 
958 |a UP 
999 |c 879243  |d 881173 
952 |a SNK  |b SNK  |y PREZ  |7 0  |p 17A0982012  |o snkSB 34315  |i snkKSP 8444/82  |0 0  |1 0  |4 0  |d 2014-06-09  |l 0  |r 2025-04-09 00:00:00  |w 2026-02-24 
952 |a SNK  |b SNK  |y VYP  |7 0  |o snkSB 34315 D1  |i snkKSP 8445/82  |0 0  |1 0  |4 0  |d 2014-06-09  |l 0  |r 2026-02-24 06:11:03  |w 2026-02-24